Master Dentistry: (Record no. 5441)

MARC details
000 -LEADER
fixed length control field 00636nam a22002297a 4500
003 - CONTROL NUMBER IDENTIFIER
control field OSt
005 - DATE AND TIME OF LATEST TRANSACTION
control field 20170120184140.0
008 - FIXED-LENGTH DATA ELEMENTS--GENERAL INFORMATION
fixed length control field 161208b xxu||||| |||| 00| 0 eng d
020 ## - INTERNATIONAL STANDARD BOOK NUMBER
International Standard Book Number 9780443068959
040 ## - CATALOGING SOURCE
Transcribing agency DNLM.
082 ## - DEWEY DECIMAL CLASSIFICATION NUMBER
Classification number WU480R313p 2008.
100 ## - MAIN ENTRY--PERSONAL NAME
Personal name Heasman,Peter;
9 (RLIN) 11369
245 ## - TITLE STATEMENT
Title Master Dentistry:
Remainder of title Restorative Dentistry,Paediatric Dentistry and Orthodontics;
250 ## - EDITION STATEMENT
Edition statement 2nd ed.
260 ## - PUBLICATION, DISTRIBUTION, ETC. (IMPRINT)
Place of publication, distribution, etc. London.
Name of publisher, distributor, etc. Churchill,
Date of publication, distribution, etc. 2008.
300 ## - PHYSICAL DESCRIPTION
Extent xi,359p;
Other physical details col,ill;
Dimensions 27cm.
504 ## - BIBLIOGRAPHY, ETC. NOTE
Bibliography, etc includes index.
650 ## - SUBJECT ADDED ENTRY--TOPICAL TERM
Topical term or geographic name as entry element Dental
9 (RLIN) 3762
650 ## - SUBJECT ADDED ENTRY--TOPICAL TERM
Topical term or geographic name as entry element Paediatrics
9 (RLIN) 3350
650 ## - SUBJECT ADDED ENTRY--TOPICAL TERM
Topical term or geographic name as entry element Orthodontics
9 (RLIN) 5257
942 ## - ADDED ENTRY ELEMENTS (KOHA)
Source of classification or shelving scheme Other/Generic Classification Scheme
Koha item type Open Shelf
Holdings
Withdrawn status Lost status Source of classification or shelving scheme Damaged status Not for loan Home library Current library Date acquired Source of acquisition Inventory number Total Checkouts Full call number Barcode Date last seen Price effective from Koha item type
    Other/Generic Classification Scheme     MUST Main Library MUST Main Library 08/12/2016   12/36012   WU480R313p 2008. 2016-5029 08/12/2016 08/12/2016 Open Shelf
    Other/Generic Classification Scheme     MUST Main Library MUST Main Library 08/12/2016   10/32342   WU480R313p 2008. 2016-5030 08/12/2016 08/12/2016 Open Shelf
    Other/Generic Classification Scheme     MUST Main Library MUST Main Library     12/36012   WU480R313p 2008. 2016-5031 08/12/2016 08/12/2016 Open Shelf